Koutilya ke prashasanik vichar (Record no. 438820)

000 -LEADER
fixed length control field 00343cam a22001217a 4500
008 - FIXED-LENGTH DATA ELEMENTS--GENERAL INFORMATION
fixed length control field 180718b1998 xxu||||| |||| 00| 0 eng d
020 ## - INTERNATIONAL STANDARD BOOK NUMBER
International Standard Book Number 81 7044 455 x
100 ## - MAIN ENTRY--PERSONAL NAME
Personal name Sharma, Devkanta
245 ## - TITLE STATEMENT
Title Koutilya ke prashasanik vichar
Statement of responsibility, etc. by Devkanta Sharma
260 ## - PUBLICATION, DISTRIBUTION, ETC.
Place of publication, distribution, etc. Jaipur
Name of publisher, distributor, etc. Printvel
Date of publication, distribution, etc. 1998
300 ## - PHYSICAL DESCRIPTION
Extent 309p.
650 ## - SUBJECT ADDED ENTRY--TOPICAL TERM
Topical term or geographic name entry element Koutilya-political thought
Holdings
Withdrawn status Lost status Damaged status Not for loan Permanent Location Current Location Date acquired Barcode Date last seen Price effective from Koha item type
        Indian Institute of Public Administration Indian Institute of Public Administration 2010-04-16 73695 2018-07-21 2018-07-21 Book

Powered by Koha